书目信息 |
| 题名: |
英语语境语法
|
|
| 作者: | 桑德拉, 著 | |
| 分册: | 1A | |
| 出版信息: | 北京 北京大学出版社 2006.01 |
|
| 页数: | 16, 222, 18页 | |
| 开本: | 26cm | |
| 丛书名: | 英语语境语法系列 | |
| 单 册: | ||
| 中图分类: | H314 | |
| 科图分类: | ||
| 主题词: | 英语--ying yu--语法--教材 | |
| 电子资源: | ||
| ISBN: | 7-301-10310-7 | |
| 000 | 01182nam 2200301 450 | |
| 001 | 012006786406 | |
| 005 | 20061205150616.64 | |
| 010 | @a7-301-10310-7@dCNY32.00 (含光盘) | |
| 100 | @a20061102d2006 km y0chiy0120 ea | |
| 101 | 0 | @aeng |
| 102 | @aCN@b110000 | |
| 105 | @aa z 000yy | |
| 200 | 1 | @a英语语境语法@Aying yu yu jing yu fa@h1A@d= Grammar in context@h1A@fSandra N. Elbaum [著]@FSandra N.Elbaum[zhu]@zeng |
| 210 | @a北京@c北京大学出版社@d2006.01 | |
| 215 | @a16, 222, 18页@c图@d26cm@e光盘1片 | |
| 225 | 2 | @a英语语境语法系列@Aying yu yu jing yu fa xi lie |
| 305 | @a据原书第4版影印 | |
| 306 | @a本书由汤姆森学习出版集团授权出版发行 | |
| 307 | @a光盘 ISRC : CN-A20-06-0000-0 | |
| 314 | @a责任者译姓取自版权页 | |
| 330 | @a本书教学生通过语境学习英语语言,书中将英语语法学习与美国文化语境结合起来,按循序渐进的原则安排语法点,每个语法点以图表方式解释其形式、用途、语序、主语、相关结构等。 | |
| 410 | 0 | @12001 @a英语语境语法系列 |
| 510 | 1 | @aGrammar in context@h1A@zeng |
| 606 | 0 | @a英语@Aying yu@x语法@j教材 |
| 690 | @aH314@v4 | |
| 701 | 1 | @a桑德拉,@Asang de la,@bS. N.@g(Elbaum, Sandra N.)@4著 |
| 801 | 0 | @aCN@c20061205 |
| 905 | @a10447@dH314@eS031:1 | |
| 英语语境语法.1A= Grammar in context.1A/Sandra N. Elbaum [著].-北京:北京大学出版社,2006.01 |
| 16, 222, 18页:图;26cm+光盘1片.-(英语语境语法系列) |
| ISBN 7-301-10310-7:CNY32.00 (含光盘) |
| 本书教学生通过语境学习英语语言,书中将英语语法学习与美国文化语境结合起来,按循序渐进的原则安排语法点,每个语法点以图表方式解释其形式、用途、语序、主语、相关结构等。 |
| ● |
| 相关链接 |
|
|
|
正题名:英语语境语法
索取号:H314/S031:1
 
预约/预借
| 序号 | 登录号 | 条形码 | 馆藏地/架位号 | 状态 | 备注 |
| 1 | 225813 | 202258136 | 语言库209/209语言库 5排2列3层/ [索取号:H314/S031:1] | 在馆 | |
| 2 | 225814 | 202258145 | 语言库209/209语言库 5排2列3层/ [索取号:H314/S031:1] | 在馆 | |
| 3 | 225815 | 202258154 | 语言库209/209语言库 5排2列3层/ [索取号:H314/S031:1] | 在馆 |